Agricultural price policy for developing countries / (Record no. 3427)
[ view plain ]
| 000 -LEADER | |
|---|---|
| fixed length control field | 01280nam a22003618 4500 |
| 001 - CONTROL NUMBER | |
| control field | 3427 |
| 003 - CONTROL NUMBER IDENTIFIER | |
| rucl marc code | MCM |
| 005 - DATE AND TIME OF LATEST TRANSACTION | |
| control field | 20211208233729.0 |
| 008 - FIXED-LENGTH DATA ELEMENTS--GENERAL INFORMATION | |
| fixed length control field | 131219s1988 mdua b 001 0 eng |
| 020 ## - INTERNATIONAL STANDARD BOOK NUMBER | |
| International Standard Book Number | 0801835860 (alk. paper) |
| 035 ## - SYSTEM CONTROL NUMBER | |
| System control number | MITb10337363 |
| System control number | (BD-RjUL)3461 |
| System control number | GLIS00337363 |
| 040 ## - CATALOGING SOURCE | |
| Original cataloging agency | DLC |
| Transcribing agency | DLC |
| Modifying agency | MYG |
| -- | BD-RjUL |
| Language of cataloging | eng |
| 041 ## - LANGUAGE CODE | |
| Language code of text/sound track or separate title | eng |
| 082 ## - DEWEY DECIMAL CLASSIFICATION NUMBER | |
| Edition number | 19 |
| Classification number | 338.18091724 |
| Author mark and year | AGR |
| 099 ## - LOCAL FREE-TEXT CALL NUMBER (OCLC) | |
| Bangla Class number | HD9018.D44.A367 1988 |
| 245 00 - TITLE STATEMENT | |
| Title | Agricultural price policy for developing countries / |
| Statement of responsibility, etc. | edited by John W. Mellor and Raisuddin Ahmed. |
| 260 ## - PUBLICATION, DISTRIBUTION, ETC. (IMPRINT) | |
| Place of publication, distribution, etc. | Baltimore : |
| Name of publisher, distributor, etc. | Johns Hopkins University Press, |
| Date of publication, distribution, etc. | c1988. |
| 300 ## - PHYSICAL DESCRIPTION | |
| Pagination | xiii, 327 p. : |
| Illustrations | ill. ; |
| Size | 24 cm. |
| 500 ## - GENERAL NOTE | |
| General note | "Published for the International Food Policy Research Institute." |
| General note | Includes index. |
| 504 ## - BIBLIOGRAPHY, ETC. NOTE | |
| Bibliography, etc | Bibliography: p. 293-311. |
| 650 #0 - SUBJECT ADDED ENTRY--TOPICAL TERM | |
| Topical term or geographic name as entry element | Food prices |
| General subdivision | Government policy |
| Geographic subdivision | Developing countries. |
| 9 (RLIN) | 10762 |
| Topical term or geographic name as entry element | Agricultural prices |
| General subdivision | Government policy |
| Geographic subdivision | Developing countries. |
| 9 (RLIN) | 10763 |
| 700 1# - ADDED ENTRY--PERSONAL NAME | |
| Personal name | Mellor, John Williams, |
| Dates associated with a name | 1928- |
| Personal name | Ahmed, Raisuddin, |
| Dates associated with a name | 1933- |
| 710 2# - ADDED ENTRY--CORPORATE NAME | |
| Corporate name or jurisdiction name as entry element | International Food Policy Research Institute. |
| 9 (RLIN) | 10765 |
| 942 ## - ADDED ENTRY ELEMENTS (KOHA) | |
| Source of classification or shelving scheme | Dewey Decimal Classification |
| Koha item type | Books |
| 949 ## - LOCAL PROCESSING INFORMATION (OCLC) | |
| a | MYGD |
| b | 39080004891138 |
| Lost status | Source of classification or shelving scheme | Damaged status | Not for loan | Collection code | Permanent Location | Current Location | Shelving location | Date acquired | Source of acquisition | Cost, normal purchase price | Total Checkouts | Full call number | Date last seen | Copy number | Koha item type |
|---|---|---|---|---|---|---|---|---|---|---|---|---|---|---|---|
| Dewey Decimal Classification | Not For Loan | Non-fiction | Central Library, University of Rajshahi | Central Library, University of Rajshahi | Reading Room | 07/10/1991 | Abacus London | 25.00 | 338.18091724 AGR 1989 | 19/12/2013 | C-1 | Books |